| 000 | 00740nam a2200241 a 4500 | ||
|---|---|---|---|
| 001 | 37678 | ||
| 003 | BD-RjUL | ||
| 005 | 20211209052632.0 | ||
| 008 | 150206s1995 snca b 001 0 eng | ||
| 035 | _a(BD-RjUL) | ||
| 040 |
_aDLC _cDLC _dDLC _beng |
||
| 041 | 0 |
_aeng _bfre |
|
| 082 | 0 | 0 | _a581.82028 |
| 245 | 0 | 0 |
_aPlant cell, tissue and organ culture : _bfundamental methods / _cO.L. Gamborg, G.C. Phillps (eds.). |
| 260 |
_aNNew Delhi, India : _b Narosa Pub. House, _c1995 |
||
| 300 |
_axxiv, 348 p. : _bill. ; _c22 cm. |
||
| 650 | 0 |
_aPlant tissue culture _xLaboratory manuals. _9115847 |
|
| 700 |
_aGamborg, O.L. _9115908 |
||
| 700 |
_aPhillps, G.C. _9115909 |
||
| 942 |
_2ddc _cBK |
||
| 999 |
_c37678 _d37678 |
||